<?xml version="1.0" encoding="UTF-8"?>
<record
    xmlns:xsi="http://www.w3.org/2001/XMLSchema-instance"
    xsi:schemaLocation="http://www.loc.gov/MARC21/slim http://www.loc.gov/standards/marcxml/schema/MARC21slim.xsd"
    xmlns="http://www.loc.gov/MARC21/slim">

  <leader>00622nam a22001577a 4500</leader>
  <datafield tag="999" ind1=" " ind2=" ">
    <subfield code="c">60789</subfield>
    <subfield code="d">60789</subfield>
  </datafield>
  <controlfield tag="005">20231023110517.0</controlfield>
  <controlfield tag="008">231023s1958    ru ||||| |||| 00| 0 rus d</controlfield>
  <datafield tag="041" ind1=" " ind2=" ">
    <subfield code="a">rus</subfield>
  </datafield>
  <datafield tag="080" ind1=" " ind2=" ">
    <subfield code="a">1(37)+1(38) &#x414;-73</subfield>
  </datafield>
  <datafield tag="245" ind1=" " ind2=" ">
    <subfield code="a">&#x414;&#x440;&#x435;&#x432;&#x43D;&#x435;&#x440;&#x438;&#x43C;&#x441;&#x43A;&#x438;&#x435; &#x43C;&#x44B;&#x441;&#x43B;&#x438;&#x442;&#x435;&#x43B;&#x438; :</subfield>
    <subfield code="b">&#x421;&#x432;&#x438;&#x434;&#x435;&#x442;&#x435;&#x43B;&#x44C;&#x441;&#x442;&#x432;&#x430;, &#x442;&#x435;&#x43A;&#x441;&#x442;&#x44B;, &#x444;&#x440;&#x430;&#x433;&#x43C;&#x435;&#x43D;&#x442;&#x44B; /</subfield>
    <subfield code="c">&#x421;&#x43E;&#x441;&#x442;. &#x410;. &#x410;&#x432;&#x435;&#x442;&#x438;&#x441;&#x44F;&#x43D;. </subfield>
  </datafield>
  <datafield tag="264" ind1=" " ind2=" ">
    <subfield code="a">&#x41A;&#x438;&#x435;&#x432;, </subfield>
    <subfield code="c">1958.</subfield>
  </datafield>
  <datafield tag="300" ind1=" " ind2=" ">
    <subfield code="a">280 &#x441;&#x442;&#x440;.;</subfield>
    <subfield code="b">23 &#x441;&#x43C;.</subfield>
  </datafield>
  <datafield tag="653" ind1=" " ind2=" ">
    <subfield code="a">&#x10EB;&#x10D5;&#x10D4;&#x10DA;&#x10D8; &#x10E0;&#x10DD;&#x10DB;&#x10D0;&#x10D4;&#x10DA;&#x10D8; &#x10DB;&#x10DD;&#x10D0;&#x10D6;&#x10E0;&#x10DD;&#x10D5;&#x10DC;&#x10D4;&#x10D4;&#x10D1;&#x10D8;</subfield>
  </datafield>
  <datafield tag="700" ind1=" " ind2=" ">
    <subfield code="a"> &#x410;&#x432;&#x435;&#x442;&#x438;&#x441;&#x44F;&#x43D;, &#x410;.&#x410;.</subfield>
    <subfield code="e">&#x10E8;&#x10D4;&#x10DB;&#x10D3;&#x10D2;&#x10D4;&#x10DC;&#x10D4;&#x10DA;&#x10D8;</subfield>
    <subfield code="9">20176</subfield>
  </datafield>
  <datafield tag="942" ind1=" " ind2=" ">
    <subfield code="2">udc</subfield>
    <subfield code="c">BK</subfield>
  </datafield>
  <datafield tag="952" ind1=" " ind2=" ">
    <subfield code="0">0</subfield>
    <subfield code="1">0</subfield>
    <subfield code="2">udc</subfield>
    <subfield code="4">0</subfield>
    <subfield code="6">137138_&#x414;73</subfield>
    <subfield code="7">0</subfield>
    <subfield code="9">96123</subfield>
    <subfield code="a">CPL</subfield>
    <subfield code="b">CPL</subfield>
    <subfield code="c">GEN</subfield>
    <subfield code="d">2023-10-23</subfield>
    <subfield code="g">5.00</subfield>
    <subfield code="o">1(37)+1(38) &#x414;-73</subfield>
    <subfield code="p">65353</subfield>
    <subfield code="r">2023-10-23</subfield>
    <subfield code="t">65353</subfield>
    <subfield code="u">&#x10D1;&#x10E1;&#x10E3;-&#x10E1; &#x10E1;&#x10D0;&#x10DE;&#x10D0;&#x10E2;&#x10D8;&#x10DD; &#x10D3;&#x10DD;&#x10E5;&#x10E2;&#x10DD;&#x10E0;&#x10D8;&#x10E1; &#x10D2;&#x10E3;&#x10E0;&#x10D0;&#x10DB; &#x10DA;&#x10DD;&#x10E0;&#x10D7;&#x10E5;&#x10D8;&#x10E4;&#x10D0;&#x10DC;&#x10D8;&#x10EB;&#x10D8;&#x10E1; &#x10E1;&#x10D0;&#x10E9;&#x10E3;&#x10E5;&#x10D0;&#x10E0;&#x10D8;</subfield>
    <subfield code="w">2023-10-23</subfield>
    <subfield code="y">BK</subfield>
    <subfield code="z">5 &#x10DA;.</subfield>
  </datafield>
</record>
